Ile pamiętasz z podstawówki? - Statystyki

Ogólne statystyki
  • Ten quiz został rozwiązany 1 236 razy
  • Średni wynik to 13 z 18
Statystyki odpowiedzi
Zagadnienie Odpowiedź % Poprawnych
Dama z Łasiczką została namalowana przez Leonardo da Vinci
100%
Nietoperz to: Ssak
100%
W matematyce symbol h oznacza wysokość
100%
Ile w Polsce jest województw? 16
89%
Kadencja prezydenta w Polsce trwa: 5 lat
89%
Delfin to: Ssak
89%
Kiedy wybuchło powstanie Warszawskie? 1 sierpnia 1944
78%
15% z 3000 to? 450
78%
Al na tablicy okresowej pierwiastków oznacza? Glin
78%
Kto napisał Balladynę? Juliusz Słowacki
78%
Kandydat na prezydenta RP musi mieć skończone: 35 lat
67%
„zastał Polskę drewnianą a zostawił murowaną” o kogo chodzi w danym stwierdzeniu? Kazimierz Wielki
67%
Stolicą Malty jest? Valetta
67%
Obecnie obowiązująca w Polsce konstytucja została uchwalona w : 1997
56%
Cudem nad Wisłą nazywamy: Bitwe Warszawszką
56%
Najmniejsza jednostka podziału terytorialnego Polski to: Gmina
56%
W którym roku została zawarta unia lubelska? 1569
33%
Ilu posłów zasiada w polskim Sejmie? 460
33%
Nie znaleziono quizów pasujących do podanych kryteriów
Rozkład punktacji
Procent ludzi z każdym wynikiem
Percentyl według liczby udzielonych odpowiedzi
Twoja historia wyników
Nie rozwiązałeś tego quizu